1589 1422 1804 1576 1140 1430 1432 1088 1885 1782 1925 1237 1417 1098 1636 1362 1179 1327 1322 1151 1548 1395 1116 1219 1680 1241 1074 1582 1304 1136 1561 1164 1282 1724 1396 1066 1455 1925 1946 1573 1146 1229 1293 1713 1492 1538 1347 1793 1194 1234 1390 1535 1763 1418 1604 1333 1806 1971 1374 1697 1532 1919 1938 1510 1226 1723 1045 1463 1717 1517 1872 1071 1414 1777 1725 1654 1709 1137 1283 1779 1391 1126 1758 1246 1470 1796 1614 1018 1909 1817 1268 1892 1042 1623 1675 1835 1903 1504 1550 BCNSPRNW ULIB Ver.6.0+V

เปลี่ยนเป็นภาษาไทย

Change to English
 แสดงรายละเอียดบรรณานุกรม
  กลับหน้าหลัก

Brief Record : Get Marc (ISO 2709) : E-mail record : QR code < ปิดหน้าต่าง
LEADER : 00000nam 2200000uu 4500
001    13399108410
003     ULIB
008    110303s2544||||th 000 0 tha d
020    9742960321
060 04 WM105^bส715ค 2544
245 00 คู่มือการดูแลผู้มีปัญหาสุขภาพจิตและจิตเวชสำหรับแพทย์ :^b(ปรับปรุง 2544) /^cบรรณาธิการ, มาโนช หล่อตระกูล
250    พิมพ์ครั้งที่ 1
260    [นนทบุรี] :^bสำนักพัฒนาสุขภาพจิต กรมสุขภาพจิต,^c2544
300    ก-ข, 321 หน้า ;^c21 ซม.
650  7 การติดสารเสพติด^xการรักษา
650  7 จิตเวชศาสตร์เด็ก
650  7 พิษสุราเรื้อรัง^xการรักษา
650  7 โรคจิต^xการรักษา
700 0  มาโนช หล่อตระกูล,^eบรรณาธิการ
710 2  กรมสุขภาพจิต. ^bสำนักพัฒนาสุขภาพจิต
945    ^p0^l0^i014571
945    ^p0^l0^i014569
945    ^p0^l0^i013819
945    ^p0^l0^i013817
945    ^p0^l0^i013815
945    ^p0^l0^i013813
945    ^p0^l0^i013811
945    ^p0^l0^i013810
945    ^p0^l0^i014572
945    ^p0^l0^i014570
945    ^p0^l0^i014568
945    ^p0^l0^i013818
945    ^p0^l0^i013816
945    ^p0^l0^i013814
945    ^p0^l0^i013812
945    ^p0^l0^i018161
945    ^p0^l0^i018160
945    ^p0^l0^i018159
945    ^p0^l0^i018158
945    ^p0^l0^i018157
995    ทศพร
999 ^a ใช้งานได้ทุกระบบ
รายการนี้ยังไม่มีแท็ก
คุณยังไม่ได้ล็อกอิน คุณสามารถมีกิจกรรมร่วมกับเว็บไซต์ได้ แต่ต้องล็อกอินก่อน ::
  ล็อกอิน

รายการสื่อสารสนเทศ

ลำดับที่ ประเภท เลขเรียก/บาร์โค้ด สถานที่ สถานะ
- ไม่พบข้อมูล -

รายการใกล้เคียง
    หัวเรื่อง [จิตเวชศาสตร์เด็ก]

BibComment


ยังไม่เคยถูกคอมเมนท์

คอมเมนท์ทรัพยากรรายการนี้
  คอมเมนท์: คู่มือการดูแลผู้ม..


 Copyright 2026. Bcnsprnw @Library